Reakcia Organizácie Spojených národov na humanitárnu krízu Mjanmarských Rohingov

Jednou z hlavných úloh Organizácie Spojených národov a jej agentúr je poskytovanie humanitárnej pomoci. Podľa údajov OSN je na svete okolo 130 miliónov ľudí, ktorí v súčasnosti potrebujú humanitárnu pomoc. Jedným z príkladov sú Rohingovia, ktorí v roku 2017 utiekli z Mjanmarska. Systém humanitárnej...

Description complète

Enregistré dans:
Détails bibliographiques
Auteur principal: Bolečeková, Martina
Format: Chapitre de livre
Langue:slovaque
Sujets:
Tags: Ajouter un tag
Pas de tags, Soyez le premier à ajouter un tag!

MARC

LEADER 00000nla a2200000 4500
001 0245535
005 20210325104435.1
041 0 |a slo 
044 |a SK 
245 1 0 |a Reakcia Organizácie Spojených národov na humanitárnu krízu Mjanmarských Rohingov  |c Martina Bolečeková 
520 |a Jednou z hlavných úloh Organizácie Spojených národov a jej agentúr je poskytovanie humanitárnej pomoci. Podľa údajov OSN je na svete okolo 130 miliónov ľudí, ktorí v súčasnosti potrebujú humanitárnu pomoc. Jedným z príkladov sú Rohingovia, ktorí v roku 2017 utiekli z Mjanmarska. Systém humanitárnej pomoci OSN a zhodnotenie účinnosti systému OSN pri riešení humanitárnych kríz na príklade Rohingov. 
610 2 0 |a pomoc humanitárna 
610 2 0 |a pomoc medzinárodná 
610 2 0 |a kríza politická 
610 2 0 |a kríza sociálna 
610 2 0 |a Organizácia spojených národov 
100 1 |a Bolečeková, Martina